Industrial mathematics : a course in solving real-world problems
Saved in:
| Main Author: | |
|---|---|
| Other Authors: | |
| Format: | Book |
| Language: | English |
| Published: |
Philadelphia :
Society for Industrial and Applied Mathematics,
1994
|
| Subjects: | |
| Tags: |
Add Tag
No Tags, Be the first to tag this record!
|
MARC
| LEADER | 00000nam a2200000 i 4500 | ||
|---|---|---|---|
| 001 | 1/42737 | ||
| 008 | 031017s1994 eng d | ||
| 020 | |a 0-89871-324-2 | ||
| 035 | |l 10071223 | ||
| 040 | |a GR-MY-UA |b gre |e aacr | ||
| 041 | 0 | |a eng | |
| 082 | 0 | |a 515 | |
| 100 | 1 | |a Friedman, Avner. | |
| 245 | 1 | 0 | |a Industrial mathematics : |b a course in solving real-world problems / |c Avner Friedman, Walter Littman |
| 260 | |a Philadelphia : |b Society for Industrial and Applied Mathematics, |c 1994 | ||
| 300 | |a xiii, 136 p.; |b ill.; |c 26 cm. | ||
| 504 | |a Includes bibliographical references and index | ||
| 650 | 0 | 0 | |a Mathematics. |
| 650 | 0 | 0 | |a Mathematics |x Industrial applications. |
| 700 | 1 | |a Littman, Walter. | |
| 852 | |a INST |b SAMOS |e 20031017 |h 515 FRI |p 005300023785 |q 005300023785 |t BK |y 0 | ||
| 901 | |a BIBL3-2003-3 | ||
| 909 | |a Σ |b 099260 | ||
| 922 | |a 3ΕΛΗ |b 200309 |c ΤΜΗΜΑ ΜΑΘΗΜΑΤΙΚΩΝ/ΜΕΤΑΠΤΥΧΙΑΚΟ |d GLORYBOOK | ||
| 970 | |a ΠΟΥΡΝΑΡΑΣ |b ΔΗΜΗΤΡΗΣ |z 2003/10/17 | ||